| 000 | 00985nam a22002297a 4500 | ||
|---|---|---|---|
| 999 |
_c14214 _d14214 |
||
| 003 | MIRAKIL | ||
| 005 | 20201117161412.0 | ||
| 008 | 201117b tu ||||| |||| 00| 0 tur d | ||
| 040 |
_aTR-AnCHP _btur _cTR-AnCHP |
||
| 082 |
_aATA 923.156 _bA72 1988 |
||
| 245 |
_aAtatürk haftası armağanı: _b(Ölümünün 50 nci yılında Atatürk) _cGenelkurmay Askeri Tarih ve Stratejik Etüt Başkanlığı. |
||
| 246 | _a(Ölümünün 50 nci yılında Atatürk) | ||
| 260 |
_aAnkara: _bGenelkurmay Askeri Tarih ve Stratejik Etüt Başkanlığı Yayınları, _c1988 |
||
| 300 |
_a133 s.: _c24 sm. |
||
| 490 | 0 |
_aGenelkurmay Askeri Tarih ve Stratejik Etüt Başkanlığı Yayınları; _aAtatürk Dizisi; _v21. |
|
| 504 | _aBibliyografik bilgi içermektedir. | ||
| 600 |
_aAtatürk, Mustafa Kemal _d1881-1938 _xAtatürk devrimleri |
||
| 600 |
_aAtatürk, Mustafa Kemal _d1881-1938 _xToplantılar |
||
| 600 |
_aAtatürk, Mustafa Kemal _d1881-1938 _xDerlemeler |
||
| 942 |
_2ddc _cBKS |
||
| 999 | _d14214 | ||